Brawl Stars Brawlers that Start with C - Statistics

General Stats
  • This quiz has been taken 243 times
    185 since last reset
  • The average score is 6 of 9
Answer Stats
Answer % Correct
Colt
82%
Carl
75%
Colette
73%
Chester
70%
Crow
67%
Chuck
62%
Cordelius
62%
Clancy
61%
Charlie
59%
No matching quizzes found
Score Distribution
Percent of People with Each Score
Percentile by Number Answered
Your Score History
You have not taken this quiz since the last reset